Ferocious Piety / (Record no. 205360)

MARC details
000 -LEADER
fixed length control field 00520nam a22001937a 4500
005 - DATE AND TIME OF LATEST TRANSACTION
control field 20240828143906.0
010 ## - LCCN (DPL NO)
LC control number ENG-141496
020 ## - INTERNATIONAL STANDARD BOOK NUMBER
Terms of availability 299.00
International Standard Book Number 9789362547859
035 ## - SYSTEM CONTROL NUMBER
System control number EN-125028
037 ## - SOURCE OF ACQUISITION
Source of stock number/acquisition DBAD
082 ## - DEWEY DECIMAL CLASSIFICATION NUMBER
Classification number N
100 ## - MAIN ENTRY--PERSONAL NAME
Personal name Verma,Prabha
245 ## - TITLE STATEMENT
Title Ferocious Piety /
Statement of responsibility, etc by Prabha Verma
260 ## - PUBLICATION, DISTRIBUTION, ETC. (IMPRINT)
Place of publication, distribution, etc Kerala
Name of publisher, distributor, etc CB Folio
Date of publication, distribution, etc 2024
270 ## - ADDRESS
City Kerala
Address DC Kizhakemuri Edam Good Shepherd Street Kerala, India
Postal code 686001
300 ## - PHYSICAL DESCRIPTION
Extent 151 p.
Dimensions 22 cm(pb)
700 ## - ADDED ENTRY--PERSONAL NAME
9 (RLIN) 70620
942 ## - ADDED ENTRY ELEMENTS (KOHA)
Source of classification or shelving scheme Dewey Decimal Classification
Item type English Books
Classification part N
Call number suffix VER
Holdings
Withdrawn status Lost status Not for loan Collection code Home library Current library Date acquired Source of acquisition Cost, normal purchase price Full call number Barcode Copy number Cost, replacement price Koha item type
      Fiction Shahdara Branch Shahdara Branch 28/08/2024 DBAD 299.00 N VER EN-125028 1 299.00 English Books

© Delhi Public Library
Hit Counter
free hit counter